| Tag |
First Indicator |
Second Indicator |
Subfields |
| LEADER |
00000cam a2200000 4500 |
| 001 |
in00000025564 |
| 005 |
20151007062502.0 |
| 008 |
800701s1946 enka 00010 eng d |
| 035 |
|
|
|a (OCoLC)06476781
|
| 035 |
|
|
|9 AAD5022AM
|
| 040 |
|
|
|a TXA
|c TXA
|d UtOrBLW
|
| 049 |
|
|
|a TXAM
|c [174256]
|
| 090 |
|
|
|a TA444
|b .S32 1948
|
| 092 |
|
|
|a 693.5
|b S431e, 1946
|
| 100 |
1 |
|
|a Scott, William Leslie.
|
| 245 |
1 |
0 |
|a Explanatory handbook on the code of practice for reinforced concrete as recommended by the Reinforced concrete structures committee of the Building research board /
|c By W. L. Scott ... and W. H. Glanville ... [with a foreword by Sir George Humphreys] ...
|
| 264 |
|
1 |
|a London :
|b Concrete publications limited,
|c [1946]
|
| 300 |
|
|
|a xii, 148 pages including tables, diagrams ;
|c 25 cm.
|
| 336 |
|
|
|a text
|b txt
|2 rdacontent
|
| 337 |
|
|
|a unmediated
|b n
|2 rdamedia
|
| 338 |
|
|
|a volume
|b nc
|2 rdacarrier
|
| 490 |
1 |
|
|a Concrete series
|
| 500 |
|
|
|a "Second (furthur revised) edition."
|
| 650 |
|
0 |
|a Reinforced concrete.
|
| 650 |
|
0 |
|a Concrete construction.
|
| 700 |
1 |
|
|a Glanville, W. H.
|q (William Henry)
|
| 710 |
1 |
|
|a Great Britain.
|b Building Research Board.
|t Report ... with recommendations for a code of practice.
|
| 830 |
|
0 |
|a Concrete series.
|
| 999 |
|
|
|a MARS
|
| 999 |
f |
f |
|s fe5761c4-51f3-37d1-bb66-b6c56beacfde
|i 9c29e00f-8fd0-3209-9892-1108ea478472
|t 0
|
| 952 |
f |
f |
|p ric
|a Texas A&M University
|b Rellis Campus
|c Joint Library Facility
|d Remote Storage
|t 0
|e TA444 .S32 1948
|h Library of Congress classification
|i unmediated -- volume
|m A14801140410
|
| 998 |
f |
f |
|a TA444 .S32 1948
|t 0
|l Remote Storage
|